| 000 | 00753nam a2200229 a 4500 | ||
|---|---|---|---|
| 005 | 20240215063633.0 | ||
| 008 | 010522s1991 r 000 0 eng d | ||
| 020 | _a843761046X | ||
| 035 | _aUPN01000106688 | ||
| 049 | _aCG | ||
| 050 | 4 |
_aBD165 _bF4.48 |
|
| 100 | 1 | 0 |
_aFeyerabend, Paul Karl, _d1924- |
| 245 | 1 | 0 |
_aDiálogos sobre el conocimiento / _cPaul K. Feyerabend ; tr. Jerónimo García Bonafé. |
| 260 |
_aMadrid : _bCátedra, _cc1991. |
||
| 300 | _a132 p. | ||
| 440 | 0 |
_aColección teorema. _pSerie menor |
|
| 590 | _a(También localizas un ejemplar en el "Area de Reserva") | ||
| 590 | _aBibliografía Básica (BGTQ) | ||
| 534 |
_pTraducción de: _tDialogo sulla conoscenza |
||
| 650 | 4 |
_aTeoría del conocimiento _91707 |
|
| 905 | _aLibro | ||
| 999 |
_c80600 _d80600 |
||